000 00896cam a22002531 4500
001 agr48000428
003 DLC
005 20260227111009.0
008 860602s1933 gw b 000 0 ger c
010 _aagr48000428
035 _a(OCoLC)13675659
040 _aU.S. Dept. of Agr.
_cNcRS
_dDLC
042 _apremarc
050 0 0 _aS593
_b.H66 1933
082 _a631.42
100 1 _aHock, Albert.
245 0 0 _aNeuzeitliche Bodenuntersuchung und Bodenkartierung im Dienste unserer Landwirtschaft, im Auftrag des Institutsvorstandes H. Niklas,
_cvon A. Hock unter Mitwirkung von R. Pürckhauer und E. Zacherl, mit einem Vorwort von H. Niklas.
250 _a3. erweiterter Neudruck.
260 _aWeihenstephan,
_bVerlag der Bodenuntersuchungsstelle,
_c1933.
300 _a68 p.
_bcol. maps
_c29 cm.
650 0 _aSoils
_xAnalysis.
700 1 _aPürckhauer, Rudolf.
700 1 _aZacherl, E.
999 _c10891
_d10891